Sasyarasatantram (Record no. 22826)

MARC details
000 -LEADER
fixed length control field 00403nam a2200157Ia 4500
082 ## - DEWEY DECIMAL CLASSIFICATION NUMBER
Classification number 581.19
Item number GOP
100 ## - MAIN ENTRY--AUTHOR NAME
Personal name GOPALASWAMI, V
245 #0 - TITLE STATEMENT
Title Sasyarasatantram
260 ## - PUBLICATION, DISTRIBUTION, ETC. (IMPRINT)
Place of publication Trivandrum
Name of publisher State Institute of Language
Year of publication 1974
650 ## - SUBJECT ADDED ENTRY--TOPICAL TERM
Topical Term Carbohydrate
650 ## - SUBJECT ADDED ENTRY--TOPICAL TERM
Topical Term Enzymology
650 ## - SUBJECT ADDED ENTRY--TOPICAL TERM
Topical Term Plant biochemistry
650 ## - SUBJECT ADDED ENTRY--TOPICAL TERM
Topical Term plant breeding
942 ## - ADDED ENTRY ELEMENTS (KOHA)
Koha item type Books
Holdings
Withdrawn status Lost status Damaged status Not for loan Home library Current library Date acquired Full call number Accession Number Koha item type
        RRII Library RRII Library 16/12/2021 581.19 GOP 03537 Books